• 首页
  • 本馆介绍
  • 公告通知
  • 最新文献
  • 馆藏检索
  • 电子资源
  • 读者导购
  • 参考咨询
  • 我的图书馆
  • 登录
  • 详细信息显示
  • 放入我的书架
  • 预约/预借图书
  • 作者相关作品
  • 分类相关作品
  • 丛书相关作品
  • 出版社相关作品

书目信息

  • 表格格式
  • 工作单格式
  • 卡片格式
题名:
乱针绣技法
    
 
作者: 任慧闲 编
分册:  
出版信息: 北京   轻工业出版社  1982
页数: 32页
开本: 19cm
丛书名: 工艺美术丛书
单 册:
中图分类: TS935.1
科图分类:
主题词: 刺绣--生产工艺 , 编织--生产工艺 , 毯--生产工艺
电子资源:
ISBN:
000 00740nam2 2200289 45
001 0182006507
005 20040518082546.0
010    @dCNY0.20
091    @a15042.1694
100    @a19950412d1982 em y0chiy0121 ea
101 0  @achi
102    @aCN@b110000
105    @ay z 000yy
106    @ar
200 10 @a乱针绣技法@Aluan zhen xiu ji fa@f任慧闲等编
210    @a北京@c轻工业出版社@d1982
215    @a32页@d19cm
225 2  @a工艺美术丛书
410  0 @120010@a工艺美术丛书
606 0  @a刺绣@x生产工艺
606 0  @a编织@x生产工艺
606 0  @a毯@x生产工艺
690    @aTS935.1
701  0 @a任慧闲@Aren hui xian@4编
801  0 @aCN@b上海图书馆@c20040518
801  2 @aCN@bNLC@c20040518
905    @f1@b177777@dTS935.1@e17
    
    乱针绣技法/任慧闲等编.-北京:轻工业出版社,1982
    32页;19cm.-(工艺美术丛书)
    
    
    ISBN :CNY0.20
    
●
相关链接 在E读中查询图书 在五车中查询图书 在当当中查询图书 在豆瓣中查询图书


正题名:乱针绣技法     索取号:TS935.1/17         预约/预借

序号 登录号 条形码 馆藏地/架位号 状态 备注
1 0177777   001699521   第二样本阅览室/ [索取号:TS935.1/17] 在馆    
2 0177778   001477262   密集书库/ [索取号:TS935.1/17] 在馆    
唐山师范学院图书馆 欢迎您!
大连网信软件有限公司© 版权所有